| 000 | 01434cam a2200325 a 4500 | ||
|---|---|---|---|
| 001 | 2997120 | ||
| 003 | NUST | ||
| 005 | 20250422104224.0 | ||
| 008 | 930630s1994 njua b 001 0 eng | ||
| 010 | _a 93026817 | ||
| 020 |
_a0780310365 (pbk.) : _c$32.95 |
||
| 020 | _a0780310594 (case) | ||
| 040 |
_aDLC _cDLC _dDLC |
||
| 050 | 0 | 0 |
_aT11 _b.M3465 1994 |
| 082 | 0 | 0 |
_a808.0666 _220 _bMAR |
| 100 | 1 |
_aMarkel, Michael H. _9128787 |
|
| 245 | 1 | 0 |
_aWriting in the technical fields : _ba step-by-step guide for engineers, scientists, and technicians / _cMike Markel. |
| 260 |
_aPiscataway, NJ : _bIEEE Press ; _aNew York : _bInstitute of Electrical and Electronics Engineers, Inc., _cc1994. |
||
| 300 |
_axvii, 276 p. : _bill. ; _c23 cm. |
||
| 500 | _a"Sponsored by the IEEE Professional Communication Society." | ||
| 504 | _aIncludes bibliographical references (p. 265-270) and index. | ||
| 590 | _6. | ||
| 650 | 0 | _aTechnical writing. | |
| 710 | 2 |
_aIEEE Professional Communication Society. _9128788 |
|
| 856 | 4 | 2 |
_3Publisher description _uhttp://www.loc.gov/catdir/description/wiley0310/93026817.html |
| 856 | 4 |
_3Table of Contents _uhttp://www.loc.gov/catdir/toc/onix07/93026817.html |
|
| 906 |
_a7 _bcbc _corignew _d1 _eocip _f19 _gy-gencatlg |
||
| 942 |
_2ddc _cBK |
||
| 999 |
_c613642 _d613642 |
||